MARC

LEADER 00000cam a2200000 4500
001 vtls012227521
003 SK-MaSNL
005 20260302075038.0
008 230413s2022 xo frn 001 0 slo
015 |a SNBA2023/06 
020 |a 9788097436759  |q (viazané) 
040 |a SNK  |b slo  |c SNK  |e rda 
041 0 |a slo  |b eng 
044 |a xo  |c SK 
072 7 |a 14  |x Filozofické systémy a hľadiská  |2 konspekt 
080 |a 14(091)  |2 2011 
080 |a 14(430)  |2 2011 
080 |a 14(44)  |2 2011 
080 |a 11  |2 2011 
080 |a 165.6  |2 2011 
080 |a 101-051  |2 2011 
080 |a 101.8  |2 2011 
080 |a (048.8)  |2 2011 
100 1 |a Leško, Vladimír,  |d 1950-  |4 aut  |9 113867 
245 1 0 |a Heidegger a Descartes  |c Vladimír Leško 
250 |a Vydanie prvé 
264 1 |a Bratislava  |b Slovenské filozofické združenie pri SAV  |c 2022 
300 |a 205 strán  |c 21 cm 
336 |a text  |b txt  |2 rdacontent 
337 |a bez média  |b n  |2 rdamedia 
338 |a zväzok  |b nc  |2 rdacarrier 
366 |e 100 kusov 
500 |a Nepredajné. Účelová publikácia 
504 |a Bibliografia na strane 190-201. Bibliografické odkazy. Menný register 
546 |a Anglické resumé 
600 1 7 |a Heidegger, Martin,  |d 1889-1976  |2 SNKMA  |9 109315 
600 1 7 |a Descartes, René,  |d 1596-1650  |2 SNKMA  |9 162456 
650 0 7 |a dejiny filozofie  |2 SNKPH  |9 66641 
650 0 7 |a nemecká klasická filozofia  |2 SNKPH  |9 67364 
650 0 7 |a francúzska filozofia  |2 SNKPH  |9 69716 
650 0 7 |a metafyzika  |2 SNKPH  |9 810 
650 0 7 |a novoveká filozofia  |2 SNKPH  |9 75234 
650 0 7 |a History of philosophy  |2 SNKPHeng  |9 281655 
650 0 7 |a German philosophy  |2 SNKPHeng  |9 316671 
650 0 7 |a French philosophy  |2 SNKPHeng  |9 309263 
650 0 7 |a Metaphysics  |2 SNKPHeng  |9 302772 
650 0 7 |a Modern philosophy  |2 SNKPHeng  |9 131876 
650 0 7 |a Philosophers  |2 SNKPHeng  |9 282961 
650 0 7 |a Philosophical thought  |2 SNKPHeng  |9 291107 
650 0 7 |a filozofi  |2 SNKPH  |9 23475 
650 0 7 |a filozofické myslenie  |2 SNKPH  |9 1642 
655 7 |a monografie  |2 SNKPH  |9 70139 
655 7 |a Monographs  |2 SNKPHeng  |9 120675 
852 |a Slovenská národná knižnica 
919 |a 978-80-974367-5-9 
954 |a odborná, vedecká literatúra pôvodná (slovenská)  |2 lita 
958 |a NB 
999 |c 1167597  |d 1169527 
952 |a SNK  |b SNK  |y PREZ  |7 0  |p 17A1528136  |o snkSC 201810  |i snk2023/6214  |8 0  |0 0  |1 0  |4 0  |d 2023-04-18  |l 0  |r 2025-10-24 00:00:00  |w 2026-02-24 
952 |a SNK  |b SNK  |y VYP  |7 0  |p 17A1528137  |o snkSC 201810 D1  |i snk2023/6215  |8 0  |0 0  |1 0  |4 0  |d 2023-04-18  |l 0  |r 2026-02-24 20:53:19  |w 2026-02-24